00371pab a2200121 454500008004000000100002100040245009300061260000900154300001200163362000800175650002100183773004500204180718b1995 xxu||||| |||| 00| 0 eng d aBrudney, Jeffrey aThe adoption of innovation by smaller local governments: the case of computer technology c1995 ap.71-85 aMar aLocal government aAmerican Review of Public Administration